000 00814nam a2200169 a 4500
008 130304s2012 ||||||||||||||||| || u
050 _aTHESIS/MBA
100 _aMuyani, Diana Chintu
245 1 3 _aAn evaluation of the effects of outsourcing information systems on private pension companies: a case of mukuba pension trust
_cby Diana Chintu Muyani
260 _aKitwe:
_bCopperbelt University, School of Business, Department of Postgraduate studies
_c2012
300 _axv, 81p.: ill.
500 _aBibliography
650 _aINFORMATION SYSTEMS--OUTSOURCING--EVALUATION
650 _aMUKUBA PENSION TRUST
650 _aINFORMATION SYSTEMS--EFFECTS--PRIVATE PENSION COMPANIES
995 _FCBU-MAIN LIBRARY (Kitwe)
_M1
_UAVAILABLE
_WMar 4, 2013
_ZUniversity Collection
999 _c42701
_d42701